000 00791nam a2200253Ia 4500
003 OSt
005 20220928130925.0
006 a|||||r|||| 00| 0
007 ta
008 220927b |||||||| |||| 00| 0 eng d
020 _c7985.5545000000002
024 _a119651
037 _b123, 18/09/2013, N.R.Book Distributors
_cTextual
040 _aSDCL
_cSDCL
_beng
041 _2eng
_aeng
082 _aJ:68, Q3
100 _aTutelyan V.A Ed.
_9428585
245 0 _aGenetically modified food sources
_b Safety assessment and control
260 _aAmasterdam
_bAcademic Press
_c2013
300 _axxiii,338
_ccm.
650 _aPlant Molecular Biology
942 _hJ:68, Q3
_cTEXL
_2CC
999 _c789063
_d789063